Vista normal
Vista MARC
Entrada Personal Name
Número de registros utilizados en: 1
001 - CONTROL NUMBER
- control field: 60221
003 - CONTROL NUMBER IDENTIFIER
- control field: OSt
005 - DATE AND TIME OF LATEST TRANSACTION
- control field: 20250611171704.0
008 - FIXED-LENGTH DATA ELEMENTS
- fixed length control field: 250611|| aca||aabn | a|a d
040 ## - CATALOGING SOURCE
- Original cataloging agency: OSt
- Transcribing agency: OSt
100 ## - HEADING--PERSONAL NAME
- Personal name: Lópes Moura, Miriam, traductora
670 ## - SOURCE DATA FOUND
- Source citation: Work cat.: (OSt)57285: Fonseca, Rubem, 1925- 36590, El gran arte /